[Event "Lucky op 2nd"]
[Site "Hamburg"]
[Date "1999.10.20"]
[Round "7"]
[White "Michaelsen, Jan"]
[Black "Schuhmann, Christoph"]
[Result "1-0"]
[WhiteElo "1129"]
[BlackElo "1284"]
[PlyCount "95"]
[EventDate "1999.10.??"]
[EventType "swiss"]
[EventRounds "9"]
[EventCountry "GER"]
[SourceTitle "EXT 2001"]
[Source "ChessBase"]
[SourceDate "2000.11.22"]
[SourceVersion "1"]
[SourceVersionDate "2000.11.22"]
[SourceQuality "1"]

1. c4 Nf6 2. Nc3 g6 3. Nf3 Bg7 4. g3 0-0 5. Bg2 d6 6. 0-0 e5 7. d4 exd4 8. Nxd4 c6 9. e4 Qb6 10. Nb3 Be6 11. Be3 Qd8 12. c5 Ng4 13. Bf4 Bxc3 14. bxc3 d5 15. Nd4 dxe4 16. Bd6 e3 17. Nxe6 exf2+ 18. Rxf2 Nxf2 19. Qd4 fxe6 20. Bxf8 Qxd4 21. cxd4 Kxf8 22. Kxf2 Na6 23. Rb1 Rb8 24. Bh3 Ke7 25. Re1 Nc7 26. Bg2 Nb5 27. Ke3 Rd8 28. Rb1 a6 29. a4 Nxd4 30. Rxb7+ Kf6 31. Rxh7 Nf5+ 32. Ke2 e5 33. Ra7 Re8 34. Rxa6 Nd4+ 35. Ke3 Re6 36. Bh3 Nf5+ 37. Bxf5 gxf5 38. h4 Kg6 39. Ra8 Re7 40. Rg8+ Kh5 41. Rg5+ Kh6 42. Rxf5 Ra7 43. Rxe5 Rxa4 44. Re6+ Kh5 45. Re5+ Kg4 46. Re4+ Rxe4+ 47. Kxe4 Kxg3 48. h5 1-0

[Event "Lucky op 2nd"]
[Site "Hamburg"]
[Date "1999.10.18"]
[Round "5"]
[White "Schuhmann, Christoph"]
[Black "Chanez Besser, Andre"]
[Result "1-0"]
[WhiteElo "1284"]
[BlackElo "1225"]
[PlyCount "71"]
[EventDate "1999.10.??"]
[EventType "swiss"]
[EventRounds "9"]
[EventCountry "GER"]
[SourceTitle "EXT 2001"]
[Source "ChessBase"]
[SourceDate "2000.11.22"]
[SourceVersion "1"]
[SourceVersionDate "2000.11.22"]
[SourceQuality "1"]

1. e4 e5 2. Nf3 Nc6 3. Bc4 Bc5 4. c3 d6 5. d4 exd4 6. cxd4 Bb4+ 7. Nc3 Nf6 8. Qb3 Qe7 9. 0-0 0-0 10. Bg5 h6 11. Nd5 Qd8 12. Bxf6 gxf6 13. Nxb4 Na5 14. Qc3 Re8 15. Bd3 Kh8 16. Qd2 Kg7 17. Qf4 Qd7 18. Nd5 Re6 19. e5 fxe5 20. Qg4+ Kh8 21. Bf5 Rg6 22. Bxd7 Rxg4 23. Bxg4 Bxg4 24. dxe5 Bf5 25. Nxc7 Rg8 26. g3 Bh3 27. Rfe1 Bg4 28. Nd2 Rc8 29. exd6 Rd8 30. Re8+ Rxe8 31. Nxe8 Nc6 32. Nf6 Be2 33. Re1 Kg7 34. Rxe2 Kxf6 35. d7 Nd8 36. Re8 1-0